000 01095nam0a2200325 i 4500
001 RU\NLR\bibl\2012460
005 20260406143009.0
010 _a9785373008051
_94000
021 _aRU
_b2013-13135
_9937
035 _a(NLR Aleph) 002000958
090 _a4358446
_c4358446
100 _a20130318d2013 u y0rusy50 ca
101 1 _arus
_ceng
102 _aRU
105 _ay |||||||||
200 1 _aУправляй своей судьбой
_e[перевод с английского]
_fЛуиза Хей
210 _aМосква
_cОЛМА Медиа Групп
_d2013
215 _a189, [2] с.
_d20
225 1 _aЗдоровье и счастье в моих руках
225 1 _aМировой бестселлер!
225 1 _aLife!
606 _aПсихогигиена
_9929392
_3RU\NLR\auth\6623393
686 _aЮ937.2
686 _aР358.9я9
700 1 _4070
_8rus
_7ca
_aХей
_bЛ. Л.
_f1926-2017
_gЛуиза Л.
_3RU\NLR\auth\773619
_9113613
801 0 _aRU
_bNLR
_c20130318
_gRCR
801 1 _aRU
_bNLR
_c20130318
942 _cBOOK
980 _aNBR